The Americas (except US) Geography by Letter - F - Statistics

General Stats
  • This quiz has been taken 549 times
  • The average score is 5 of 10
Answer Stats
Hint Answer % Correct
A part of the EU in South America French Guiana
81%
Malvinas as the Argentinians would call it Falkland Islands
75%
It features the world's highest tides. Bay of Fundy
65%
Brazil's fifth largest city Fortaleza
51%
Mexico has the second largest deposit of this mineral. Crest and Colgate are interested. Fluorite
50%
Canada is the largest producer of this linseed. Flax
46%
Mexico is the second largest producer of this herb Fennel
35%
Capital of New Brunswick Fredericton
30%
Capital of Martinique Fort de France
28%
This rivers ends at Vancouver, Canada. Fraser River
26%
No matching quizzes found
Score Distribution
Percent of People with Each Score
Percentile by Number Answered
Your Score History
You have not taken this quiz